00586nam a22001572 4500001001100000005001700011008004100028020003600069040001500105100003700120245014600157250001500303260005200318300001200370650004600382000000862120151217152038.0080506s xx 000 0 eng d a0851513603 :cKES 2200 per vol. aKABUcKABU1 aCunningham, William.@000003854910aHistorical theology :ba review of the principal doctrinal discussions in the christian church since the apolistic age /cWilliam Cunningham. aTruth ed. aCarlisle, PEN. :bBanner of Truth Trust,c1960. a2 vols. 0aTheology, DoctrinalxHistory.@0000159277